| 000 | 00501nam a22001697a 4500 | ||
|---|---|---|---|
| 003 | CEME | ||
| 005 | 20210628202634.0 | ||
| 008 | 210120b xxu||||| |||| 00| 0 eng d | ||
| 040 | _cceme | ||
| 082 | _a358.40095491 SHA | ||
| 100 |
_aShabbir Hussain , Syed ,Qureshi , M. Tariq _960837 |
||
| 245 | _aHistory of the pakistan air force ,1947-1982 | ||
| 260 |
_aKARACHI _bPAF BOOK CLUB |
||
| 300 | _a2 VOLS | ||
| 650 |
_aPAKISTAN AIR FORCE 1947-1982. PAF HISTORY 1947-1982 _960838 |
||
| 942 |
_cBK _2ddc |
||
| 999 |
_c570463 _d570463 |
||